The ultimate hitchhiker's guide to the galaxy (Record no. 116951)

MARC details
000 -LÍDER
campo de controle de tamanho fixo 00755 a2200277 4500
001 - NÚMERO DE CONTROLE
campo de controle 116951
020 ## - ISBN - INTERNATIONAL STANDARD BOOK NUMBER
ISBN - International Standard Book Number 9780345453747
020 ## - ISBN - INTERNATIONAL STANDARD BOOK NUMBER
Informação qualificadora broch.
041 ## - CÓDIGO DE IDIOMA
Código do idioma do texto/trilha sonora ou título diferente eng
082 ## - CDD - CLASSIFICAÇÃO DECIMAL DE DEWEY
Número de Classificação 823
092 ## - CLASSIFICAÇÃO DE DEWEY ATRIBUÍDA LOCALMENTE (OCLC)
Número de Classificação Y S ADAMS
040 ## - FONTE DA CATALOGAÇÃO
Instituição da catalogação original NTG
Instituição que transcreveu o registro NTG
Instituição que modificou o registro FZD
090 ## - NÚMERO DE CHAMADA LOCAL
Número de chamada (OCLC) (R); Número de chamada, CALL (RLIN) (NR) Year 8 823
Número Cutter local (OCLC); Número de classificação do livro, CALL (RLIN) ADA
100 ## - ENTRADA PRINCIPAL--NOME PESSOAL
Nome pessoal Adams, Douglas
Datas associadas ao nome 1952-2001
250 ## - EDIÇÃO
Edição 1st Ballantine Books ed.
245 10 - TÍTULO
Título The ultimate hitchhiker's guide to the galaxy
Indicação de responsabilidade, etc. Douglas Adams
260 ## - PUBLICAÇÃO, DISTRIBUIÇÃO, ETC.
Local de publicação, distribuição, etc. New York
Nome do editor, distribuidor, etc. Ballantine
Data da publicação, distribuição, etc. 2002
300 ## - DESCRIÇÃO FÍSICA
Extensão xvi, 815 pages
Dimensões 25 cm
338 ## - TIPO DE TRANSPORTADORA
Fonte rdacarrier
Termo do tipo de operadora volume
Código do tipo de operadora volume
505 ## - NOTA DE CONTEÚDO FORMATADO
Título The hitchhiker's guide to the galaxy -
596 ## -
-- 31 37
697 ## - ENTRADA DE ASSUNTO LOCAL--ENTIDADE COLETIVA (RLIN)
Nome corporativo ou nome da jurisdição Humorous stories, English
600 ## - ENTRADA DE ASSUNTO--NOME PESSOAL
Nome pessoal Dent, Arthur
Subdivisão de formulário Fiction
856 ## - LOCALIZAÇÃO ELETRÔNICA E ACESSO
Uniform Resource Identifier <a href="000027/000027b4.jpg">000027/000027b4.jpg</a>
942 ## - ELEMENTOS DE ENTRADA ADICIONADOS (KOHA)
Tipo de material Koha Livros
Holdings
Situação do descarte Situação das perdas Fonte da classificação ou esquema de arquivamento na estante Situação física Não pode ser emprestado Biblioteca de origem Biblioteca atual Data de aquisição Total de empréstimos Número de chamada completo Código de barras Data de último acesso Data do preço efetivo Tipo de material Koha
    Classificação Decimal de Dewey     ECB - SUDOESTE ECB - SUDOESTE 03/02/2021   Year 8 823 ADA 00052930SSW 23/01/2024 23/01/2024 Livros